00580 2200217 4500001002100000005001500021035002000036007000300056008004100059020002200100082001200122084001800134100002200152245008600174250001000260260003400270300002700304650001100331990001000342990001000352INLIS00000000000038420170927111411 a0010-0917000370ta170927 f 0 ind  a978-602-250-043-8 a297.122 a297.122 AZZ t0 aAzzuhaili, Wahbah1 aTafsir Al Wasith Jilid 1 :bAl Fatihah - At Taubah /cProf. Dr. Wahbah Az Zuhaili acet.1 aJakarta :bGema Insani,c2012 a830hlm ;c19 x 26.5 cm aTafsir a4919a a4919b